The analysis of response in crop and livestock production / (Record no. 776)

MARC details
000 -LEADER
fixed length control field 00732cam a2200205 i 4500
020 ## - INTERNATIONAL STANDARD BOOK NUMBER
ISBN 0080211186.
-- 0080211151
050 00 - CALL NUMBER
Classification number S566
Item number .D5
100 1# - AUTHOR
Personal name Dillon, John L.
245 14 - TITLE
Title The analysis of response in crop and livestock production /
Statement of responsibility, etc by John L. Dillon.
250 ## - EDITION
Edition statement 2d ed.
260 ## - PUBLICATION INFORMATION
Place of publication Oxford ;
-- New York :
Name of publisher Pergamon Press,
Year of publication 1977.
300 ## - DESCRIPTION
Number of Pages xiii, 213 p. :
Other physical details ill. ;
Dimensions 21 cm.
500 ## - NOTES
General note Includes indexes.
650 #0 - SUBJECTS
Topical Term Farm management
General subdivision Mathematical models.
650 #0 - SUBJECTS
Topical Term Agricultural productivity
General subdivision Mathematical models.
650 #0 - SUBJECTS
Topical Term Farm management
General subdivision Statistical methods.
650 #0 - SUBJECTS
Topical Term Agricultural productivity
General subdivision Statistical methods.
650 #0 - SUBJECTS
Topical Term Feed utilization efficiency
General subdivision Mathematical models.
942 ## - ADDED ENTRY ELEMENTS (KOHA)
Koha item type Books
Holdings
Withdrawn status Lost status Home library Current library Date acquired Full call number Accession Number Koha item type
    Methodist University Library Wenchi Faculty Methodist University Library Wenchi Faculty 13/11/2017 S566 .D5 21614 Books
Copyright © 2026  MUG Library